[Event "Southend op"]
[Site "Southend"]
[Date "2003.04.18"]
[Round "1"]
[White "Gamble, Raymond J"]
[Black "Spence, David J"]
[Result "1/2-1/2"]
[WhiteElo "2028"]
[BlackElo "2188"]
[PlyCount "112"]
[EventDate "2003.04.18"]
[EventType "swiss"]
[EventRounds "7"]
[EventCountry "ENG"]
[SourceTitle "BCM-0006"]
[Source "bcmchess.co.uk"]
[SourceDate "2005.08.13"]
[SourceVersion "1"]
[SourceVersionDate "2005.08.13"]
[SourceQuality "2"]

1. d4 e6 2. Nf3 Nf6 3. e3 b6 4. Bd3 Bb7 5. Nbd2 d5 6. Qe2 Be7 7. O-O O-O 8. e4
dxe4 9. Nxe4 Nbd7 10. c3 h6 11. Re1 c5 12. Nxf6+ Bxf6 13. Be3 Bxf3 14. Qxf3
cxd4 15. Qe4 g6 16. cxd4 Bg7 17. Rac1 Nf6 18. Qh4 Kh7 19. Rc4 Nd5 20. Qh3 Qd7
21. Rec1 Rac8 22. Be4 Rxc4 23. Rxc4 b5 24. Rc5 Nxe3 25. fxe3 Bxd4 26. Rc2 Bb6
27. Qf3 f5 28. Bc6 Bxe3+ 29. Kf1 Qd3+ 30. Qe2 Qxe2+ 31. Rxe2 Rc8 32. Bxb5 Rc1+
33. Re1 Rxe1+ 34. Kxe1 Bg1 35. h3 e5 36. Ke2 Kg7 37. Bc6 Kf6 38. b4 e4 39. a4
h5 40. a5 g5 41. b5 Ke5 42. b6 axb6 43. a6 b5 44. Bxb5 Kf4 45. Bd7 Ba7 46. Be8
h4 47. Bd7 g4 48. hxg4 Kxg4 49. Be6 Kf4 50. Bd7 Ke5 51. Bc8 h3 52. gxh3 f4 53.
Bg4 Kf6 54. h4 Kg6 55. Bf3 Kf5 56. h5 exf3+ 1/2-1/2

[Event "Southend op"]
[Site "Southend"]
[Date "2003.04.18"]
[Round "2"]
[White "Salmon, Andrew N"]
[Black "Gamble, Raymond J"]
[Result "0-1"]
[WhiteElo "2018"]
[BlackElo "2028"]
[PlyCount "58"]
[EventDate "2003.04.18"]
[EventType "swiss"]
[EventRounds "7"]
[EventCountry "ENG"]
[SourceTitle "BCM-0006"]
[Source "bcmchess.co.uk"]
[SourceDate "2005.08.13"]
[SourceVersion "1"]
[SourceVersionDate "2005.08.13"]
[SourceQuality "2"]

1. d4 d5 2. c4 e6 3. Nc3 Nf6 4. Nf3 c6 5. e3 Nbd7 6. Qc2 Bd6 7. cxd5 exd5 8.
Be2 O-O 9. O-O Re8 10. b3 Ne4 11. Bb2 h6 12. Bd3 Nxc3 13. Bxc3 Nf6 14. Rfe1 Ne4
15. Bb2 Qe7 16. a3 Bf5 17. g3 Bh3 18. Bf1 Bxf1 19. Rxf1 Ng5 20. Nxg5 Qxg5 21.
Rae1 Re6 22. f4 Qe7 23. Qc1 Re8 24. Kf2 c5 25. Qc3 f6 26. Bc1 Re4 27. Qd2 cxd4
28. exd4 Bxa3 29. Qa5 Rxe1 0-1

[Event "Southend op"]
[Site "Southend"]
[Date "2003.04.19"]
[Round "3"]
[White "Gamble, Raymond J"]
[Black "Berg, Victor"]
[Result "1/2-1/2"]
[WhiteElo "2028"]
[BlackElo "2091"]
[PlyCount "46"]
[EventDate "2003.04.18"]
[EventType "swiss"]
[EventRounds "7"]
[EventCountry "ENG"]
[SourceTitle "BCM-0006"]
[Source "bcmchess.co.uk"]
[SourceDate "2005.08.13"]
[SourceVersion "1"]
[SourceVersionDate "2005.08.13"]
[SourceQuality "2"]

1. d4 Nf6 2. Nf3 g6 3. Nbd2 d5 4. e3 c5 5. c3 cxd4 6. exd4 Bg7 7. Bb5+ Bd7 8.
Qe2 O-O 9. O-O Ng4 10. h3 Nh6 11. Re1 Re8 12. Bxd7 Nxd7 13. Ne5 f6 14. Nxd7
Qxd7 15. Nf3 Nf7 16. Bf4 e5 17. dxe5 fxe5 18. Bg3 Qc6 19. Rad1 Rac8 20. Qd2
Rcd8 21. Bh4 Rd6 22. Bg3 Qc4 23. a3 Rdd8 1/2-1/2

[Event "Southend op"]
[Site "Southend"]
[Date "2003.04.20"]
[Round "5"]
[White "Gamble, Raymond J"]
[Black "Player, Edmund C"]
[Result "1/2-1/2"]
[WhiteElo "2028"]
[BlackElo "2130"]
[PlyCount "67"]
[EventDate "2003.04.18"]
[EventType "swiss"]
[EventRounds "7"]
[EventCountry "ENG"]
[SourceTitle "BCM-0006"]
[Source "bcmchess.co.uk"]
[SourceDate "2005.08.13"]
[SourceVersion "1"]
[SourceVersionDate "2005.08.13"]
[SourceQuality "2"]

1. d4 d5 2. Nf3 Nf6 3. e3 Bg4 4. Be2 e6 5. Nbd2 Be7 6. O-O O-O 7. b3 c5 8. Bb2
Nc6 9. dxc5 Bxc5 10. c4 Qe7 11. cxd5 exd5 12. Re1 Rfe8 13. Rc1 Bb6 14. Nf1 Rad8
15. Nd4 Bd7 16. Ng3 Ne4 17. Nxc6 bxc6 18. Nxe4 Qxe4 19. Qd3 Qh4 20. g3 Qh6 21.
Bd4 Qd6 22. Bxb6 axb6 23. Bf3 g6 24. Qd4 Qc7 25. b4 Be6 26. Rc3 Qb7 27. Rec1
Rc8 28. h4 Re7 29. Qf6 Rd7 30. h5 gxh5 {(=)} 31. Bxh5 Rd6 32. f4 Qd7 33. Qg5+
Kh8 34. Qf6+ 1/2-1/2

[Event "Southend op"]
[Site "Southend"]
[Date "2003.04.20"]
[Round "6"]
[White "Bushill, Michael S"]
[Black "Gamble, Raymond J"]
[Result "1-0"]
[WhiteElo "2074"]
[BlackElo "2028"]
[PlyCount "107"]
[EventDate "2003.04.18"]
[EventType "swiss"]
[EventRounds "7"]
[EventCountry "ENG"]
[SourceTitle "BCM-0006"]
[Source "bcmchess.co.uk"]
[SourceDate "2005.08.13"]
[SourceVersion "1"]
[SourceVersionDate "2005.08.13"]
[SourceQuality "2"]

1. e4 e6 2. d4 d5 3. e5 c5 4. c3 Qb6 5. Nf3 Bd7 6. Be2 Bb5 7. c4 Bxc4 8. Bxc4
Qb4+ 9. Nbd2 dxc4 10. a3 Qb5 11. Qe2 cxd4 12. Nxd4 Qd5 13. N4f3 Nc6 14. Nxc4
O-O-O 15. O-O Qd3 16. Qxd3 Rxd3 17. Be3 f6 18. Rfd1 Rxd1+ 19. Rxd1 Nge7 20.
Nd6+ Kb8 21. Nf7 Rg8 22. Nd8 Nd5 23. Nxe6 Nxe3 24. fxe3 fxe5 25. Nxe5 Be7 26.
Nxc6+ bxc6 27. Rd7 Bf6 28. Nd4 Rc8 29. b3 Rc7 30. Rxc7 Kxc7 31. Kf2 c5 32. Nc2
Kd6 33. Kf3 a5 34. Ke4 Bb2 35. a4 Bc1 36. Ne1 Bb2 37. Kd3 Be5 38. Nf3 Bf6 39.
Kc4 Kc6 40. e4 h6 41. Kd3 Bb2 42. Nd2 Be5 43. h3 Bc7 44. Nc4 Kd7 45. Ne3 Be5
46. Nf5 Bf6 47. Kc4 Kc6 48. g4 Bb2 49. h4 Bf6 50. h5 Bb2 51. Ne7+ Kd6 52. Ng6
Kc6 53. e5 Bd4 54. e6 1-0

[Event "Southend op"]
[Site "Southend"]
[Date "2004.04.09"]
[Round "2"]
[White "Gamble, Raymond J"]
[Black "Harman, Kenneth B"]
[Result "0-1"]
[WhiteElo "2041"]
[BlackElo "2110"]
[PlyCount "102"]
[EventDate "2004.04.09"]
[EventType "swiss"]
[EventRounds "7"]
[EventCountry "ENG"]
[SourceTitle "BCM-0006"]
[Source "bcmchess.co.uk"]
[SourceDate "2005.08.13"]
[SourceVersion "1"]
[SourceVersionDate "2005.08.13"]
[SourceQuality "2"]

1. d4 Nf6 2. Nf3 g6 3. Nbd2 Bg7 4. e4 d6 5. Bc4 O-O 6. O-O c6 7. Bb3 d5 8. e5
Ne8 9. Ne1 f6 10. f4 c5 11. c3 cxd4 12. cxd4 Nc6 13. Ndf3 Bf5 14. Be3 Na5 15.
Nd3 Rc8 16. Rc1 Rxc1 17. Nxc1 Nc7 18. Nd2 Qd7 19. Bc2 Bxc2 20. Qxc2 Rc8 21. Qd3
Na6 22. Qa3 Nc4 23. Nxc4 Rxc4 24. Nd3 Bf8 25. Rc1 Qc6 26. Rxc4 dxc4 27. Nb4
Nxb4 28. Qxb4 e6 29. Qc3 f5 30. Kf2 Qd5 31. h3 a5 32. a4 Be7 33. Qc2 Bh4+ 34.
Kg1 b5 35. axb5 Qxb5 36. Bf2 Be7 37. g4 a4 38. gxf5 gxf5 39. d5 Qb3 40. Qe2 c3
41. bxc3 a3 42. Qh5 Qxd5 43. Qe8+ Bf8 44. Bd4 a2 45. Qa4 Kf7 46. Kh2 Bh6 47.
Kg3 Bf8 48. Qd1 Be7 49. Qa4 h5 50. Qd1 h4+ 51. Kh2 Qe4 0-1

[Event "Southend op"]
[Site "Southend"]
[Date "2004.04.10"]
[Round "4"]
[White "Gamble, Raymond J"]
[Black "Muter, Donny"]
[Result "1/2-1/2"]
[WhiteElo "2041"]
[BlackElo "2136"]
[PlyCount "32"]
[EventDate "2004.04.09"]
[EventType "swiss"]
[EventRounds "7"]
[EventCountry "ENG"]
[SourceTitle "BCM-0006"]
[Source "bcmchess.co.uk"]
[SourceDate "2005.08.13"]
[SourceVersion "1"]
[SourceVersionDate "2005.08.13"]
[SourceQuality "2"]

1. d4 d6 2. Nf3 Bg4 3. Nbd2 Nd7 4. e4 e5 5. c3 Ngf6 6. Bc4 Nb6 7. dxe5 Bxf3 8.
Nxf3 dxe5 9. Qxd8+ Rxd8 10. Bb3 Bd6 11. Bg5 Nbd7 12. O-O-O h6 13. Bxf6 Nxf6 14.
Rhe1 O-O 15. h3 Nd7 16. Bd5 Rb8 1/2-1/2

[Event "Southend op"]
[Site "Southend"]
[Date "2004.04.11"]
[Round "5"]
[White "Spence, David J"]
[Black "Gamble, Raymond J"]
[Result "1-0"]
[WhiteElo "2189"]
[BlackElo "2041"]
[PlyCount "65"]
[EventDate "2004.04.09"]
[EventType "swiss"]
[EventRounds "7"]
[EventCountry "ENG"]
[SourceTitle "BCM-0006"]
[Source "bcmchess.co.uk"]
[SourceDate "2005.08.13"]
[SourceVersion "1"]
[SourceVersionDate "2005.08.13"]
[SourceQuality "2"]

1. e4 e6 2. d3 d5 3. Nd2 Nf6 4. Ngf3 c5 5. g3 Nc6 6. Bg2 Be7 7. O-O O-O 8. Re1
b5 9. e5 Nd7 10. Nf1 Bb7 11. h4 d4 12. N1h2 Nb4 13. Bd2 a5 14. a3 Nd5 15. Ng5
Qc7 16. Qe2 Ra6 17. Qe4 f5 18. exf6 N7xf6 19. Nxe6 Nxe4 20. Nxc7 Nxc7 21. Bxe4
Bxe4 22. Rxe4 Bd6 23. a4 b4 24. b3 Raa8 25. Rae1 Rf7 26. Ng4 Kf8 27. Ne5 Re7
28. Nc4 Rxe4 29. Rxe4 Be7 30. Bf4 Nd5 31. Bd6 Bxd6 32. Nxd6 Nc3 33. Re5 1-0

[Event "Southend op"]
[Site "Southend"]
[Date "2005.03.26"]
[Round "3"]
[White "Lock, Gavin R"]
[Black "Gamble, Raymond J"]
[Result "1/2-1/2"]
[WhiteElo "2182"]
[BlackElo "2027"]
[PlyCount "70"]
[EventDate "2005.03.25"]
[EventType "swiss"]
[EventRounds "7"]
[EventCountry "ENG"]
[SourceTitle "BCM-0006"]
[Source "bcmchess.co.uk"]
[SourceDate "2005.08.13"]
[SourceVersion "1"]
[SourceVersionDate "2005.08.13"]
[SourceQuality "2"]

1. Nf3 Nf6 2. c4 e6 3. Nc3 d5 4. d4 c6 5. Bg5 Nbd7 6. e3 Qa5 7. Nd2 dxc4 8.
Bxf6 Nxf6 9. Nxc4 Qc7 10. Be2 Be7 11. O-O O-O 12. a3 Rd8 13. Qc2 Bf8 14. b4 Qe7
15. Rfd1 Bd7 16. e4 g6 17. e5 Nd5 18. Ne4 f6 19. exf6 Nxf6 20. Nxf6+ Qxf6 21.
Qe4 Bh6 22. Ne5 Qf5 23. Qh4 Bg5 24. Qg3 Bf4 25. Qc3 Be8 26. Bg4 Qf6 27. g3 Bh6
28. Qc4 Rd6 29. Re1 Rad8 30. Rad1 Bg7 31. h4 b5 32. Qc3 Qe7 33. Kg2 a6 34. Qe3
Qa7 35. f4 Kh8 1/2-1/2

[Event "Southend op"]
[Site "Southend"]
[Date "2005.03.26"]
[Round "4"]
[White "Gamble, Raymond J"]
[Black "Goldberg, Jeff A"]
[Result "1/2-1/2"]
[WhiteElo "2027"]
[BlackElo "2186"]
[PlyCount "39"]
[EventDate "2005.03.25"]
[EventType "swiss"]
[EventRounds "7"]
[EventCountry "ENG"]
[SourceTitle "BCM-0006"]
[Source "bcmchess.co.uk"]
[SourceDate "2005.08.13"]
[SourceVersion "1"]
[SourceVersionDate "2005.08.13"]
[SourceQuality "2"]

1. d4 d5 2. Nf3 c5 3. e3 cxd4 4. exd4 Nf6 5. Bd3 Bg4 6. Nbd2 Nc6 7. c3 e6 8.
Qa4 Nd7 9. O-O Bh5 10. Re1 Be7 11. a3 O-O 12. Qc2 Bg6 13. Bxg6 hxg6 14. Ne5
Ncxe5 15. dxe5 Rc8 16. Nf3 b5 17. Be3 a5 18. Bd4 b4 19. axb4 axb4 20. Ra7
1/2-1/2

[Event "Southend op"]
[Site "Southend"]
[Date "2005.03.27"]
[Round "5"]
[White "Kelly, Ian G"]
[Black "Gamble, Raymond J"]
[Result "1-0"]
[WhiteElo "2032"]
[BlackElo "2027"]
[PlyCount "69"]
[EventDate "2005.03.25"]
[EventType "swiss"]
[EventRounds "7"]
[EventCountry "ENG"]
[SourceTitle "BCM-0006"]
[Source "bcmchess.co.uk"]
[SourceDate "2005.08.13"]
[SourceVersion "1"]
[SourceVersionDate "2005.08.13"]
[SourceQuality "2"]

1. Nf3 Nf6 2. c4 e6 3. g3 d5 4. b3 Be7 5. Bg2 O-O 6. O-O c6 7. Bb2 Nbd7 8. d4
b6 9. Nc3 Bb7 10. e3 Rc8 11. Qe2 dxc4 12. bxc4 c5 13. Rac1 Ne4 14. Nxe4 Bxe4
15. Rfd1 Qc7 16. d5 exd5 17. cxd5 Bd6 18. Nd4 Bxg2 19. Kxg2 Be5 20. Nf5 Rfe8
21. f3 Bxb2 22. Qxb2 Qe5 23. Qxe5 Rxe5 24. e4 g6 25. f4 gxf5 26. fxe5 fxe4 27.
e6 fxe6 28. dxe6 Nf6 29. Rf1 Kg7 30. Rcd1 Rc6 31. e7 Kf7 32. Rd7 e3 33. Rxa7 e2
34. Re1 Re6 35. Kf3 1-0

[Event "Royal Beacon Aged 50+"]
[Site "Exmouth"]
[Date "2005.11.14"]
[Round "1"]
[White "Roberts, Malcolm A"]
[Black "Gamble, Raymond J"]
[Result "1/2-1/2"]
[WhiteElo "1584"]
[BlackElo "1784"]
[PlyCount "56"]
[EventDate "2005.11.14"]
[EventType "swiss"]
[EventRounds "5"]
[EventCountry "ENG"]

1. d4 Nf6 2. c4 e6 3. Nc3 d5 4. e3 Nbd7 5. Nf3 Be7 6. cxd5 exd5 7. Bd3 c5 8. a3
b6 9. b3 Bb7 10. Bb2 Ne4 11. Qc2 f5 12. Rc1 O-O 13. Ne2 Bd6 14. O-O Rc8 15. Qb1
Qe8 16. Bb5 a6 17. Bxd7 Qxd7 18. Qd3 Qb5 19. Qxb5 axb5 20. Nc3 Nxc3 21. Rxc3 g6
22. Rfc1 h6 23. h3 f4 24. Re1 Rfe8 25. Rcc1 fxe3 26. Rxe3 Bf4 27. Rxe8+ Rxe8
28. Re1 Rxe1+ 1/2-1/2

[Event "Royal Beacon Aged 50+"]
[Site "Exmouth"]
[Date "2005.11.15"]
[Round "2"]
[White "Gamble, Raymond J"]
[Black "Walker, Roger W"]
[Result "1-0"]
[WhiteElo "1784"]
[BlackElo "1424"]
[PlyCount "79"]
[EventDate "2005.11.14"]
[EventType "swiss"]
[EventRounds "5"]
[EventCountry "ENG"]

1. d4 Nf6 2. Nf3 d5 3. e3 c6 4. b3 e6 5. Bd3 Be7 6. Nbd2 Nbd7 7. Bb2 b6 8. O-O
Bb7 9. c4 O-O 10. e4 dxe4 11. Nxe4 c5 12. Qe2 cxd4 13. Nxd4 a6 14. Rad1 Qc7 15.
Rfe1 Rfd8 16. a3 h6 17. Bb1 Rac8 18. Nxf6+ Bxf6 19. Qd3 g6 20. Qh3 Bg7 21. Bxg6
Nc5 22. Bc2 Qf4 23. Qg3 Qxg3 24. hxg3 Rd6 25. b4 Nd7 26. Bb3 Rd8 27. c5 bxc5
28. Nxe6 Rxd1 29. Rxd1 fxe6 30. Bxe6+ Kf8 31. Bxg7+ Kxg7 32. Rxd7+ Rxd7 33.
Bxd7 c4 34. Kf1 Kf6 35. Ke2 Ke5 36. Ke3 Bxg2 37. Bc8 Bf1 38. Bxa6 Kd5 39. Bb7+
Kd6 40. Kd4 1-0

[Event "Royal Beacon Aged 50+"]
[Site "Exmouth"]
[Date "2005.11.16"]
[Round "3"]
[White "Gosling, Brian GE"]
[Black "Gamble, Raymond J"]
[Result "0-1"]
[WhiteElo "1792"]
[BlackElo "1784"]
[PlyCount "70"]
[EventDate "2005.11.14"]
[EventType "swiss"]
[EventRounds "5"]
[EventCountry "ENG"]

1. d4 Nf6 2. c4 e6 3. Nc3 d5 4. cxd5 exd5 5. Bg5 Nbd7 6. e3 c6 7. Bd3 Be7 8.
Nf3 Ne4 9. Bf4 f5 10. Ne5 O-O 11. Qc2 Nxe5 12. Bxe5 Bd6 13. O-O-O Bxe5 14. dxe5
Qa5 15. Bxe4 fxe4 16. Qb3 Qb6 17. Qc2 Bg4 18. Rd4 Bf5 19. Qe2 Rae8 20. g4 Bc8
21. Nxe4 dxe4 22. Rxe4 Qc5+ 23. Kb1 Rxe5 24. Rc4 Qe7 25. Re1 Re4 26. Rec1 Bxg4
27. Qc2 Rxc4 28. Qxc4+ Be6 29. Qe2 Qf7 30. f4 Bxa2+ 31. Ka1 Rd8 32. e4 Qb3 33.
Qc2 Qxc2 34. Rxc2 Bb3 35. Rc1 Rd1 0-1

[Event "Royal Beacon Aged 50+"]
[Site "Exmouth"]
[Date "2005.11.17"]
[Round "4"]
[White "Gamble, Raymond J"]
[Black "Wiltshire, Michael R"]
[Result "0-1"]
[WhiteElo "1784"]
[BlackElo "1704"]
[PlyCount "39"]
[EventDate "2005.11.14"]
[EventType "swiss"]
[EventRounds "5"]
[EventCountry "ENG"]

1. d4 d5 2. Nf3 Nf6 3. e3 Bf5 4. Bd3 Bg6 5. Ne5 e6 6. Nxg6 hxg6 7. Nd2 Nbd7 8.
f4 Be7 9. Qf3 c6 10. c3 Qc7 11. e4 dxe4 12. Nxe4 Nxe4 13. Bxe4 O-O-O 14. b4 Nf6
15. Bc2 Nd5 16. Bd2 Bd6 17. g3 Rh3 18. Qg2 Rdh8 19. O-O-O Qb6 20. a3 0-1

[Event "Royal Beacon Aged 50+"]
[Site "Exmouth"]
[Date "2005.11.18"]
[Round "5"]
[White "Barton, R Alan"]
[Black "Gamble, Raymond J"]
[Result "1/2-1/2"]
[WhiteElo "2008"]
[BlackElo "1784"]
[PlyCount "41"]
[EventDate "2005.11.14"]
[EventType "swiss"]
[EventRounds "5"]
[EventCountry "ENG"]

1. Nf3 Nf6 2. d4 d5 3. Bf4 Bf5 4. e3 e6 5. Bd3 Bxd3 6. Qxd3 c6 7. Nbd2 Nbd7 8.
h3 g6 9. O-O Nh5 10. Bh2 f5 11. Ne5 Nxe5 12. Bxe5 Bg7 13. Bxg7 Nxg7 14. Nf3 O-O
15. Ne5 Ne8 16. Qb3 Qe7 17. c4 Nd6 18. f3 Nxc4 19. Nxc4 dxc4 20. Qxc4 Qd6 21.
Rad1 1/2-1/2

[Event "Southend Golden Jubilee A"]
[Site "Southend"]
[Date "2006.04.14"]
[Round "1"]
[White "Gamble, Raymond J"]
[Black "Williamson, Kevin J"]
[Result "1/2-1/2"]
[WhiteElo "2025"]
[BlackElo "2027"]
[PlyCount "85"]
[EventDate "2006.04.14"]
[EventType "tourn"]
[EventRounds "7"]
[EventCountry "ENG"]

1. d4 d5 2. Nf3 Nf6 3. e3 c5 4. Nbd2 Nc6 5. c3 Qc7 6. Bd3 e5 7. dxe5 Nxe5 8.
Nxe5 Qxe5 9. Bb5+ Bd7 10. Bxd7+ Nxd7 11. Nf3 Qh5 12. Qa4 Bd6 13. Bd2 a6 14. h3
b5 15. Qh4 Qxh4 16. Nxh4 g6 17. Nf3 Ne5 18. Nxe5 Bxe5 19. O-O f5 20. Rfd1 Rd8
21. a4 Ke7 22. axb5 axb5 23. Ra5 Rb8 24. Ra7+ Ke6 25. Rda1 Rb6 26. f4 Bd6 27.
Be1 d4 28. cxd4 cxd4 29. exd4 Bxf4 30. Bf2 Kd5 31. Rd7+ Rd6 32. Rb7 Kc4 33. g3
Bg5 34. b3+ Kb4 35. Rd1 Kxb3 36. Rxb5+ Kc2 37. Rdb1 Rc8 38. g4 Bd2 39. gxf5
gxf5 40. R1b2+ Kc1 41. Rb1+ Kc2 42. R1b2+ Kc1 43. Rb1+ 1/2-1/2

[Event "Southend Golden Jubilee A"]
[Site "Southend"]
[Date "2006.04.14"]
[Round "2"]
[White "Gamble, Raymond J"]
[Black "Feavyour, John A"]
[Result "0-1"]
[WhiteElo "2025"]
[BlackElo "2084"]
[PlyCount "90"]
[EventDate "2006.04.14"]
[EventType "tourn"]
[EventRounds "7"]
[EventCountry "ENG"]

1. d4 d5 2. Nf3 Nf6 3. e3 Bf5 4. Bd3 Bg6 5. Ne5 e6 6. Nxg6 hxg6 7. h3 Bd6 8.
Nd2 Nbd7 9. f4 c5 10. c3 Rc8 11. Nf3 O-O 12. O-O Qb6 13. Kh1 Ne4 14. Qe1 Ndf6
15. Ne5 c4 16. Be2 Qd8 17. Bf3 b5 18. a3 a5 19. g4 Qe8 20. Rg1 Nd7 21. Nxd7
Qxd7 22. g5 Rb8 23. Bd2 Nxd2 24. Qxd2 b4 25. axb4 axb4 26. Ra6 bxc3 27. bxc3
Rb3 28. Rc1 Rfb8 29. Ra2 Ba3 30. Rcc2 Qb7 31. Kg2 Be7 32. Kg3 Rb1 33. Rc1 Rb2
34. Rxb2 Qxb2 35. Rc2 Qa1 36. Rc1 Rb1 37. Rc2 Rg1+ 38. Bg2 Rd1 39. Qe2 Rd3 40.
Kg4 Rxc3 41. Ra2 Rxe3 42. Qxe3 Qxa2 43. Bxd5 exd5 44. Qxe7 Qg2+ 45. Kh4 Qe4 0-1

[Event "Southend Golden Jubilee A"]
[Site "Southend"]
[Date "2006.04.15"]
[Round "3"]
[White "Dennis, Nigel W"]
[Black "Gamble, Raymond J"]
[Result "0-1"]
[WhiteElo "2035"]
[BlackElo "2025"]
[PlyCount "88"]
[EventDate "2006.04.14"]
[EventType "tourn"]
[EventRounds "7"]
[EventCountry "ENG"]

1. e4 e6 2. d4 d5 3. Nc3 Nf6 4. Bg5 dxe4 5. Nxe4 Be7 6. Nxf6+ Bxf6 7. Bxf6 Qxf6
8. Nf3 c5 9. Bb5+ Bd7 10. Bxd7+ Nxd7 11. O-O cxd4 12. Qxd4 Qxd4 13. Nxd4 O-O
14. Rfd1 Nf6 15. Nb5 g6 16. Rd2 a6 17. Nc3 Rfd8 18. Rad1 Rxd2 19. Rxd2 Kf8 20.
Kf1 Ke7 21. Ke2 Rc8 22. Kf3 h5 23. Ne4 Nxe4 24. Kxe4 f5+ 25. Ke3 e5 26. c3 g5
27. Ke2 Ke6 28. a3 h4 29. Rd3 g4 30. Ke1 f4 31. Ke2 Rg8 32. c4 Rc8 33. b3 b5
34. cxb5 axb5 35. Kd2 Ra8 36. b4 e4 37. Rc3 Kd5 38. Kc2 Kd4 39. Kd2 Ra7 40. f3
h3 41. fxe4 hxg2 42. Rc1 f3 43. Rd1 Kxe4 44. Re1+ Kf4 0-1

[Event "Southend Golden Jubilee A"]
[Site "Southend"]
[Date "2006.04.15"]
[Round "4"]
[White "Gamble, Raymond J"]
[Black "Coote, Trevor D"]
[Result "0-1"]
[WhiteElo "2025"]
[BlackElo "2152"]
[PlyCount "54"]
[EventDate "2006.04.14"]
[EventType "tourn"]
[EventRounds "7"]
[EventCountry "ENG"]

1. d4 g6 2. Nf3 f5 3. c4 Bg7 4. Nc3 Nf6 5. g3 O-O 6. Bg2 d6 7. O-O e6 8. Bf4 h6
9. h4 Nbd7 10. Re1 Ng4 11. Qc1 e5 12. dxe5 dxe5 13. Bd2 c6 14. Bh3 Ndf6 15. Nh2
Nxh2 16. Kxh2 f4 17. Bxc8 fxg3+ 18. fxg3 Rxc8 19. Kg2 Ng4 20. Be3 e4 21. Rf1
Qe7 22. Rxf8+ Rxf8 23. Qg1 b6 24. Rd1 Qe6 25. c5 Bxc3 26. bxc3 Qc4 27. Rd2 Qxc3
0-1

[Event "Southend Golden Jubilee A"]
[Site "Southend"]
[Date "2006.04.16"]
[Round "5"]
[White "Barton, R Alan"]
[Black "Gamble, Raymond J"]
[Result "1/2-1/2"]
[WhiteElo "2131"]
[BlackElo "2025"]
[PlyCount "82"]
[EventDate "2006.04.14"]
[EventType "tourn"]
[EventRounds "7"]
[EventCountry "ENG"]

1. c4 e5 2. g3 Nf6 3. Bg2 Bc5 4. e3 Nc6 5. Ne2 d5 6. cxd5 Nxd5 7. a3 a5 8. Nbc3
Be6 9. O-O O-O 10. d3 Qd7 11. Qc2 Be7 12. b3 Nxc3 13. Nxc3 Bh3 14. Nd5 Bd6 15.
Bb2 Bxg2 16. Kxg2 f5 17. f4 exf4 18. Nxf4 Rae8 19. Qc4+ Rf7 20. Ne6 b5 21. Qxb5
Qxe6 22. Qxc6 Qxb3 23. Qc3 Rb8 24. Rf2 Qxc3 25. Bxc3 a4 26. Rb2 Rxb2+ 27. Bxb2
Rf8 28. Kf3 Rb8 29. Ra2 Rb3 30. Ke2 g5 31. Bc1 Kf7 32. Rc2 Ke6 33. Kd2 f4 34.
gxf4 gxf4 35. Ke2 fxe3 36. Kxe3 Kd7 37. Ra2 Rb1 38. Rc2 Ra1 39. Rc4 Bxa3 40.
Bxa3 Rxa3 41. Rh4 Kc6 1/2-1/2

[Event "Southend Golden Jubilee A"]
[Site "Southend"]
[Date "2006.04.16"]
[Round "6"]
[White "Gamble, Raymond J"]
[Black "Moore, John C"]
[Result "1-0"]
[WhiteElo "2025"]
[BlackElo "2048"]
[PlyCount "89"]
[EventDate "2006.04.14"]
[EventType "tourn"]
[EventRounds "7"]
[EventCountry "ENG"]

1. d4 d5 2. Nf3 Nf6 3. Bf4 c5 4. e3 cxd4 5. exd4 Nc6 6. c3 Bg4 7. h3 Bxf3 8.
Qxf3 e6 9. Nd2 Qb6 10. Rb1 a5 11. Bd3 Be7 12. O-O O-O 13. Rfe1 Qd8 14. Re3 a4
15. a3 Bd6 16. Bxd6 Qxd6 17. Qe2 Nd7 18. Nf3 Nf6 19. Ne5 Ne7 20. Ng4 Nxg4 21.
hxg4 Ng6 22. g3 Rfe8 23. f4 Re7 24. Re1 Rae8 25. Kg2 f6 26. Bb5 Ra8 27. Rxe6
Rxe6 28. Qxe6+ Qxe6 29. Rxe6 Kf7 30. Rd6 Ne7 31. Rd7 Ra7 32. f5 h6 33. Rd8 g5
34. Rd7 Kf8 35. Kf3 Kf7 36. Ke3 Kf8 37. Kd3 Ra5 38. Rxb7 h5 39. Rb8+ Kg7 40.
gxh5 Nxf5 41. g4 Nd6 42. Bd7 Ra7 43. Be6 Ra5 44. Rd8 Ne4 45. Ke3 1-0

[Event "Southend Golden Jubilee A"]
[Site "Southend"]
[Date "2006.04.17"]
[Round "7"]
[White "Millward, David J"]
[Black "Gamble, Raymond J"]
[Result "1-0"]
[WhiteElo "2112"]
[BlackElo "2025"]
[PlyCount "99"]
[EventDate "2006.04.14"]
[EventType "tourn"]
[EventRounds "7"]
[EventCountry "ENG"]

1. e4 e6 2. d4 d5 3. Nd2 c5 4. exd5 Qxd5 5. Ngf3 cxd4 6. Bc4 Qd6 7. O-O Nf6 8.
Nb3 Nc6 9. Nbxd4 Nxd4 10. Nxd4 a6 11. Be3 Qc7 12. Bb3 Bd6 13. h3 O-O 14. Qe2
Bd7 15. Rad1 Bh2+ 16. Kh1 Bf4 17. Bxf4 Qxf4 18. Qf3 Qxf3 19. Nxf3 Rfd8 20. c3
Kf8 21. Kg1 Rac8 22. Ne5 Be8 23. Rxd8 Rxd8 24. Rd1 Ke7 25. Kf1 Rxd1+ 26. Bxd1
Ne4 27. Ke2 f6 28. Nf3 Kd6 29. Ke3 Nc5 30. Nd2 b5 31. b4 Nd7 32. c4 bxc4 33.
Nxc4+ Kc7 34. a3 Nb6 35. Nxb6 Kxb6 36. Kd4 Bc6 37. g3 g5 38. a4 h6 39. h4 Bd7
40. a5+ Kc7 41. Be2 Bc8 42. Kc5 f5 43. hxg5 hxg5 44. f4 gxf4 45. gxf4 e5 46.
fxe5 f4 47. Bf3 Bf5 48. Kd4 Kd7 49. Bb7 Bg4 50. Bxa6 1-0

[Event "Beacon Seniors"]
[Site "Exmouth"]
[Date "2006.11.13"]
[Round "1"]
[White "Ryan, Robert A"]
[Black "Gamble, Raymond J"]
[Result "0-1"]
[WhiteElo "1440"]
[BlackElo "1792"]
[PlyCount "122"]
[EventDate "2006.11.13"]
[EventType "swiss"]
[EventRounds "5"]
[EventCountry "ENG"]

1. Nf3 Nf6 2. d4 d5 3. Bg5 e6 4. e3 Be7 5. Bxf6 Bxf6 6. Bd3 c5 7. Bb5+ Bd7 8.
Bxd7+ Qxd7 9. c3 Qc7 10. O-O O-O 11. Nbd2 Nd7 12. Rc1 b5 13. Re1 Qa5 14. dxc5
b4 15. c6 Nc5 16. Nb3 Nxb3 17. Qxb3 bxc3 18. bxc3 Rab8 19. Qc2 Rfc8 20. Nd4 e5
21. Ne2 Rxc6 22. Rb1 Rxb1 23. Rxb1 Rb6 24. g3 g6 25. Rxb6 axb6 26. Qb3 Kg7 27.
a4 Qc5 28. Qb5 Qxb5 29. axb5 Bd8 30. Kf1 Kf6 31. f4 Ke6 32. fxe5 Kxe5 33. Nd4
Kd6 34. Ke2 Kc5 35. Kd3 Bf6 36. e4 dxe4+ 37. Kxe4 Kc4 38. Ne2 Bxc3 39. Nxc3
Kxc3 40. Kd5 Kb4 41. Kc6 Ka5 42. h4 h5 43. Kd6 Kxb5 44. Ke7 Kc6 45. Kxf7 b5 46.
Kxg6 b4 47. Kxh5 b3 48. g4 b2 49. g5 b1=Q 50. Kh6 Qb2 51. h5 Qh8+ 52. Kg6 Kd7
53. h6 Ke7 54. h7 Kf8 55. Kf5 Qxh7+ 56. g6 Qg7 57. Kg5 Ke7 58. Kh5 Kf6 59. Kh4
Qxg6 60. Kh3 Qg1 61. Kh4 Qg2 0-1